Statistics for Prefectures of Togo (with map)

Click here to take the quiz!

General Stats

  • This quiz has been taken 17 times
  • The average score is 13 of 31

Answers on the Map

Answers color-coded by a green-red scale on the quiz's map according to % correct below.
 

Answer Stats

Prefectures% Correct
Lomé
77%
Bassar
46%
Blitta
46%
Golfe
46%
Keran
46%
Kloto
46%
Kozah
46%
Lacs
46%
Oti
46%
Wawa
46%
Amou
38%
Assoli
38%
Avé
38%
Dankpen
38%
Danyi
38%
Doufelgou
38%
Est-Mono
38%
Haho
38%
Kpendjal
38%
Moyen-Mono
38%
Ogou
38%
Sotouboua
38%
Tandjouaré
38%
Tchamba
38%
Tchaoudjo
38%
Tone
38%
Vo
38%
Yoto
38%
Zio
38%
Binah
31%
Angou
23%

Score Distribution

Percentile by Number Answered

Percent of People with Each Score

Your Score History

You have not taken this quiz